000
00329nam a2200133Ia 4500
008
240624s9999 xx 000 0 und d
041
_a
eng
082
_a
823 DES
100
_a
DESAI MEGHNAD
245
_a
DEAD ON TIME
260
_c
2009
_a
New Delhi
_b
Harper Collins Publishers
300
_a
238 : p. : cm. ; 21
365
_c
RS
_b
20
999
_c
13931
_d
13931